Normal view
MARC view
Entry Personal Name
001 - CONTROL NUMBER
- control field: 29638
003 - CONTROL NUMBER IDENTIFIER
- control field: ARRUPE
005 - DATE AND TIME OF LATEST TRANSACTION
- control field: 20170405090836.0
008 - FIXED-LENGTH DATA ELEMENTS
- fixed length control field: 170405|| aca||aabn | a|a d
040 ## - CATALOGING SOURCE
- Original cataloging agency: ARRUPE
- Transcribing agency: ARRUPE
100 ## - HEADING--PERSONAL NAME
- Personal name: Goldie, Francis
670 ## - SOURCE DATA FOUND
- Source citation: Work cat.: (ARRUPE)91438: Goldie, Francis, The life of the Blessed Anthony Baldinucci